02073nam a2200253 450000500170000000800410001702000180005804000070007604100080008308200180009110000160010924500380012525000060016326000440016930000290021336500600024252013700030265000220167265000220169465000250171665000250174165000230176665000300178920260427132115.0260427b |||||||| |||| 00| 0 eng d a9789395939348 cAL aeng a347.052bSINC aSinghal M L aCommentary on limitation act Ed 3 a3 aDelhibVinod Publications Pvt Ltdc2025 aclix,988pbHBc24.5x16cm 2Lawa1343b₹2025.00c₹d₹2700.00e25%f14-03-2026 aThis comprehensive third edition of Justice M L Singhal's Commentary on the Limitation Act, 1963 offers a detailed analysis and expert insights into the nuances of the law governing time limits for filing suits and claims in India. Known for its clarity and depth, this book is an essential resource for legal practitioners, students, and scholars looking to deepen their understanding of the Limitation Act. The 2025 edition incorporates the latest judicial interpretations, making it an indispensable guide for anyone engaged with the intricacies of legal time-bars and limitations. Key Features: In-depth Analysis of the Limitation Act (Act No. 36 of 1963) and its provisions. Special Emphasis on critical topics including the Bar of Limitation, Period of Limitation, and Condonation of Delay. Detailed Discussion on Adverse Possession and its relation to limitation. Examination of Limitation in Criminal Proceedings with a focus on specific challenges in this area. Limitation for Cancellation of Sale Deed, providing a practical guide to this complex subject. Updated with the latest legal developments and case law, making it an essential reference for contemporary legal practice. This book is an invaluable tool for navigating the complexities of the Limitation Act and ensuring a strong legal foundation in matters concerning time-barred claims and suits. aAct No 36 of 1963 aBar of Limitation aCondonation of Delay aCriminal Proceedings aAdverse Possession aCancellation of Sale Deed